Quantitative techniques in a business context (Record no. 3904)
[ view plain ]
| 000 -LEADER | |
|---|---|
| fixed length control field | 00454nam a22001697a 4500 |
| 005 - DATE AND TIME OF LATEST TRANSACTION | |
| control field | 20250217113842.0 |
| 008 - FIXED-LENGTH DATA ELEMENTS--GENERAL INFORMATION | |
| fixed length control field | 250217b |||||||| |||| 00| 0 eng d |
| 020 ## - INTERNATIONAL STANDARD BOOK NUMBER | |
| International Standard Book Number | 9780412375705 |
| 050 ## - LIBRARY OF CONGRESS CALL NUMBER | |
| Classification number | HF5691 |
| Item number | SLA |
| 100 ## - MAIN ENTRY--PERSONAL NAME | |
| Personal name | Slater, Roger |
| 245 ## - TITLE STATEMENT | |
| Title | Quantitative techniques in a business context |
| 260 ## - PUBLICATION, DISTRIBUTION, ETC. | |
| Place of publication, distribution, etc. | London |
| Name of publisher, distributor, etc. | E and FN Spon |
| Date of publication, distribution, etc. | c1980 |
| 300 ## - PHYSICAL DESCRIPTION | |
| Extent | vii, 391p; |
| Other physical details | ill.; |
| 500 ## - GENERAL NOTE | |
| General note | includes index |
| 700 ## - ADDED ENTRY--PERSONAL NAME | |
| Personal name | Ascroft, Peter |
| 942 ## - ADDED ENTRY ELEMENTS (KOHA) | |
| Source of classification or shelving scheme | Library of Congress Classification |
| Koha item type | Books |
| Suppress in OPAC | No |
| 999 ## - | |
| -- | 3904 |
| -- | 3904 |
| Withdrawn status | Lost status | Source of classification or shelving scheme | Damaged status | Not for loan | Collection | Home library | Current library | Shelving location | Date acquired | Total checkouts | Full call number | Barcode | Date last seen | Copy number | Price effective from | Koha item type |
|---|---|---|---|---|---|---|---|---|---|---|---|---|---|---|---|---|
| Library of Congress Classification | Non-fiction | Undergraduate Library (Christ Temple) | Undergraduate Library (Christ Temple) | General stacks | 02/17/2025 | HF5691 SLA | ulct00001236 | 02/17/2025 | 1 | 02/17/2025 | Books |